Countries of the World Without Vowels- Empty Map - Statistics

General Stats
  • This quiz has been taken 260 times
  • The average score is 133 of 196
Answers on the Map
Answers color-coded by a green-red scale on the quiz's map according to % correct below.
 
Answer Stats
Country % Correct
blrs Belarus
91%
fghnstn Afghanistan
88%
krgzstn Kyrgyzstan
88%
bhms Bahamas
86%
zrbjn Azerbaijan
82%
czch rpblc Czech Republic
81%
dnmrk Denmark
81%
dmncn rpblc Dominican Republic
81%
ntg nd brbd Antigua and Barbuda
80%
brbds Barbados
80%
bsn nd hrzgvn Bosnia and Herzegovina
80%
btswn Botswana
80%
brzl Brazil
80%
brkn fs Burkina Faso
80%
cp vrd Cape Verde
80%
cntrl frcn rpblc Central African Republic
80%
chd Chad
80%
dm. rp. f th cng Dem. Rep. of the Congo
80%
l slvdr El Salvador
80%
fnlnd Finland
80%
grmn Germany
80%
bhrn Bahrain
79%
bngldsh Bangladesh
79%
blgm Belgium
79%
blz Belize
79%
cmbd Cambodia
78%
djbt Djibouti
78%
dmnc Dominica
78%
fj Fiji
78%
kzkhstn Kazakhstan
78%
lxmbrg Luxembourg
77%
pkstn Pakistan
77%
blgr Bulgaria
76%
frnc France
76%
ghn Ghana
76%
hngr Hungary
76%
ksv Kosovo
76%
mdgscr Madagascar
76%
mrshll slnds Marshall Islands
76%
mzmbq Mozambique
76%
nrth kr North Korea
76%
prtgl Portugal
76%
swtzrlnd Switzerland
76%
blv Bolivia
75%
chl Chile
75%
jpn Japan
75%
nthrlnds Netherlands
75%
nrth mcdn North Macedonia
75%
phlppns Philippines
75%
trkmnstn Turkmenistan
75%
rmn Armenia
74%
cnd Canada
74%
chn China
74%
cst rc Costa Rica
74%
jrdn Jordan
74%
kwt Kuwait
74%
lchtnstn Liechtenstein
74%
npl Nepal
74%
nw zlnd New Zealand
74%
pp nw gn Papua New Guinea
74%
slvk Slovakia
74%
slmn slnds Solomon Islands
74%
sth kr South Korea
74%
thlnd Thailand
74%
ntd kngdm United Kingdom
74%
zbkstn Uzbekistan
74%
vnzl Venezuela
74%
vtnm Vietnam
74%
gmb Gambia
73%
mldvs Maldives
73%
ngr Niger
73%
qtr Qatar
73%
slvn Slovenia
73%
sth sdn South Sudan
73%
st. ktts and nvs St. Kitts and Nevis
73%
st. lc St. Lucia
73%
swdn Sweden
73%
tjkstn Tajikistan
73%
tnzn Tanzania
73%
zmbbw Zimbabwe
73%
bnn Benin
72%
bhtn Bhutan
72%
cmrn Cameroon
72%
cprs Cyprus
72%
gbn Gabon
72%
hndrs Honduras
72%
jmc Jamaica
72%
mlw Malawi
72%
mrcc Morocco
72%
nmb Namibia
72%
ngr Nigeria
72%
pnm Panama
72%
rwnd Rwanda
72%
sngl Senegal
72%
schlls Seychelles
72%
sngpr Singapore
72%
spn Spain
72%
sr lnk Sri Lanka
72%
st. vncnt nd grndns St. Vincent and Grenadines
72%
trndd nd tbg Trinidad and Tobago
72%
zmb Zambia
72%
clmb Colombia
71%
krbt Kiribati
71%
mngl Mongolia
71%
mntngr Montenegro
71%
plnd Poland
71%
tvl Tuvalu
71%
cmrs Comoros
70%
gtml Guatemala
70%
ht Haiti
70%
lbnn Lebanon
70%
mxc Mexico
70%
mldv Moldova
70%
s tm nd prncp São Tomé and Príncipe
70%
srb Serbia
70%
twn Taiwan
70%
ndrr Andorra
69%
gpt Egypt
69%
sn mrn San Marino
69%
mlt Malta
68%
ncrg Nicaragua
68%
rss Russia
68%
sdn Sudan
68%
trk Turkey
68%
sth frc South Africa
67%
tng Tonga
67%
cb Cuba
66%
qtrl gn Equatorial Guinea
66%
grg Georgia
66%
gn bss Guinea Bissau
66%
ltv Latvia
66%
lsth Lesotho
66%
grnd Grenada
65%
rq Iraq
65%
lthn Lithuania
65%
mnmr Myanmar
65%
tg Togo
65%
rgntn Argentina
64%
strl Australia
64%
grc Greece
64%
mnc Monaco
63%
cng Republic of the Congo
63%
rmn Romania
63%
sml Somalia
63%
vtcn ct Vatican City
63%
ngl Angola
61%
st tmr East Timor
61%
vr cst Ivory Coast
61%
srr ln Sierra Leone
61%
tns Tunisia
61%
lgr Algeria
60%
str Austria
60%
brnd Burundi
60%
srnm Suriname
60%
ntd stts United States
60%
crt Croatia
59%
lbr Liberia
59%
lb Libya
59%
ml Mali
58%
rlnd Ireland
57%
tl Italy
57%
mrts Mauritius
57%
brn Brunei
55%
kn Kenya
55%
swtn Eswatini
54%
sd rb Saudi Arabia
54%
rn Iran
53%
mrtn Mauritania
53%
nrw Norway
53%
pl Palau
53%
vnt Vanuatu
53%
lbn Albania
52%
prg Paraguay
52%
nd India
51%
ntd rb mrts United Arab Emirates
51%
thp Ethiopia
50%
gn Guinea
50%
mcrns Fed. States of Micronesia
49%
ls Laos
49%
pr Peru
49%
sm Samoa
49%
rtr Eritrea
48%
mls Malaysia
48%
nr Nauru
48%
clnd Iceland
46%
mn Oman
46%
mn Yemen
46%
cdr Ecuador
45%
gn Guyana
45%
gnd Uganda
44%
ndns Indonesia
43%
sr Syria
42%
srl Israel
41%
krn Ukraine
41%
rg Uruguay
39%
stn Estonia
37%
No matching quizzes found
Score Distribution
Percent of People with Each Score
Percentile by Number Answered
Your Score History
You have not taken this quiz